|
|
|
|
| LEADER |
01011nam a22002417a 4500 |
| 001 |
AAL7321 |
| 003 |
BD-DhAAL |
| 005 |
20160229155248.0 |
| 008 |
160229b xxu||||| |||| 00| 0 eng d |
| 020 |
|
|
|a 9844103711
|
| 040 |
|
|
|a BD-DhAAL
|c BD-DhAAL
|
| 082 |
|
|
|2 22
|a 305.4/095492
|
| 100 |
|
|
|a ইসলাম, মাহমুদা
|9 18236
|
| 245 |
|
|
|a নারী :
|b ইতিহাসের উপেক্ষিতা /
|c মাহমুদা ইসলাম
|
| 260 |
|
|
|a ঢাকা :
|b মাওলা ব্রাদার্স,
|c ২০০৪
|
| 300 |
|
|
|a ১২৬ পৃ. ;
|c ২২ সে.মি.
|
| 504 |
|
|
|6 Includes bibliographies
|
| 541 |
|
|
|e 7321
|
| 650 |
|
|
|a Women, Bengali
|x Social conditions.
|z India, Bengal .
|9 18237
|
| 852 |
|
|
|a Savar Campus Library
|c General Shelf
|
| 942 |
|
|
|2 ddc
|c BK
|
| 999 |
|
|
|c 36954
|d 36954
|
| 952 |
|
|
|0 0
|1 0
|2 ddc
|4 0
|6 305_400000000000000_095492_ISL
|7 0
|9 58206
|a SCL
|b SCL
|c GEN
|d 2016-02-29
|g 150.00
|l 1
|o 305.4095492 ISL
|p 3020007321
|r 2019-07-23
|s 2019-07-17
|t 1
|w 2016-02-29
|y BK
|